书目信息 |
| 题名: |
中学数学教师手册
|
|
| 作者: | ;《中学数学教师手册》编写组 编 | |
| 分册: | ||
| 出版信息: | 上海 上海教育出版社 1986 |
|
| 页数: | 1册 | |
| 开本: | 20cm | |
| 丛书名: | ||
| 单 册: | ||
| 中图分类: | G-62 | |
| 科图分类: | ||
| 主题词: | 中学--数学课 , 文化 , 科学 , 教育 , 体育 | |
| 电子资源: | ||
| ISBN: | ||
| 000 | 00786nam0 2200277 45 | |
| 001 | 1238189156 | |
| 005 | 20121007103740.95 | |
| 010 | @b精装@dCNY4.75 | |
| 091 | @a7150.3492 | |
| 100 | @a19931104d1986 em y0chiy0121 ea | |
| 101 | 0 | @achi |
| 102 | @aCN@b310000 | |
| 105 | @af z 000yy | |
| 200 | 10 | @a中学数学教师手册@Azhong xue shu xue jiao shi shou ce@f《中学数学教师手册》编写组编@F《Zhong Xue Shu Xue Jiao Shi Shou Ce》Bian Xie Zu Bian |
| 210 | @a上海@c上海教育出版社@d1986 | |
| 215 | @a1册@c表@d20cm | |
| 606 | 0 | @a中学@x数学课 |
| 606 | 0 | @a文化 |
| 606 | 0 | @a科学 |
| 606 | 0 | @a教育 |
| 606 | 0 | @a体育 |
| 690 | @aG-62@v3 | |
| 711 | 02 | @a《中学数学教师手册》编写组@4编 |
| 801 | 0 | @aCN@b深圳图书馆@c20040922 |
| 801 | 2 | @aCN@bNLC@c20040922 |
| 905 | @dG-62@eJY32@a10447 | |
| 中学数学教师手册/《中学数学教师手册》编写组编.-上海:上海教育出版社,1986 |
| 1册:表;20cm |
| ISBN (精装):CNY4.75 |
| ● |
| 相关链接 |
|
|
|
|
正题名:中学数学教师手册
索取号:G-62/JY32
 
预约/预借
| 序号 | 登录号 | 条形码 | 馆藏地/架位号 | 状态 | 备注 |
| 1 | 7809210 | 278092109 | 学院路分馆/ [索取号:G-62/JY32] | 在馆 | |
| 2 | 7809211 | 278092118 | 学院路分馆/ [索取号:G-62/JY32] | 在馆 |